000 00512nam a22001817a 4500
005 20220803093506.0
008 220802b ||||| |||| 00| 0 eng d
040 _cAL
041 _aEnglish
082 _223
_a294.5513
_bHARS
100 _aM Manjappa Hardekar
_954505
245 _aSocial Structure of the Veerashaiva Saints
260 _aBangalore
_bBasava Samiti
_c1990
300 _a82 p.
_bPB
_c18x12 cm.
650 _aBasava and Caste
_954506
700 _aHARDEKAR (M Manjappa)
_954507
942 _2ddc
_cGF
999 _c224385
_d224385